| 000 | 00590nam a22001937a 4500 | ||
|---|---|---|---|
| 005 | 20130903121901.0 | ||
| 010 | _aENG-108338 | ||
| 020 |
_c195.00 _a9789350972915 |
||
| 035 | _aEN-91871 | ||
| 037 | _bDBAD/PUB | ||
| 082 | _a658.93 | ||
| 100 | _aPurshothama, M.K. | ||
| 245 |
_aConsumer behaviour & marketing research / _cby M.K. Purshothama [and] K.R. Mahesh Kumar |
||
| 260 |
_aMumbai _bHimalaya Publishing House _c2013 |
||
| 270 |
_aGirgaon _bMumbai _e400004 |
||
| 300 |
_a280p. : _c24cm(pbk) _bill. |
||
| 700 | _dMahesh Kumar,K.R. | ||
| 942 |
_2ddc _cEN _mPUR _h658.93 |
||
| 999 |
_c78712 _d78712 |
||